WNBA Top 50 Career Points Leaders - Statistics

General Stats
  • This quiz has been taken 33 times
  • The average score is 20 of 50
Answer Stats
Hint Answer Points Total % Correct
31. A'Ja Wilson 4,782
90%
1. Diana Taurasi 10,646
86%
23. Breanna Stewart 5,419
83%
8. Sue Bird 6,803
83%
18. Brittney Griner 5,572
79%
27. Maya Moore 4,984
76%
2. Tina Charles 7,696
76%
9. Candace Parker 6,574
72%
13. Lise Leslie 6,263
69%
30. Skylar Diggins-Smith 4,822
62%
4. DeWanna Bonner 7,482
59%
11. Katie Smith 6,452
59%
10. Nneka Ogwumike 6,502
59%
28. Sheryl Swoopes 4,875
59%
25. Tangela Smith 5,048
59%
3. Tina Thompson 7,488
59%
34. Elena Delle Donne 4,706
55%
48. Asjha Jones 4,004
52%
16. Becky Hammon 5,841
48%
19. Delisha Milton-Jones 5,571
48%
14. Lauren Jackson 6,007
48%
12. Sylvia Fowles 6,415
48%
21. Jewell Loyd 5,536
45%
41. Courtney Vandersloot 4,278
41%
15. Seimone Augustus 6,005
41%
24. Swin Cash 5,119
41%
22. Lindsay Whalen 5,523
38%
5. Tamika Catchings 7,380
38%
44. Vickie Johnson 4,243
38%
47. Arike Ogunbowale 4,014
34%
17. Angel McCoughtry 5,797
31%
7. Cappie Pondexter 6,811
31%
29. Kayla McBride 4,835
28%
35. Tiffany Hayes 4,623
24%
45. Yolanda Griffith 4,238
24%
36. Penny Taylor 4,606
21%
46. Rebekkah Brunson 4,147
21%
6. Candice Dupree 6,895
17%
33. Chamique Holdsclaw 4,716
17%
20. Katie Douglas 5,563
17%
32. Alana Beard 4,740
14%
49. Deanna Nolan 3,971
14%
26. Taj McWilliams-Franklin 5,013
14%
37. Kristi Toliver 4,474
10%
50. Nykesha Sales 3,955
10%
40. Sophia Young-Malcolm 4,300
3%
39. Crystal Langhorne 4,433
0%
38. Jia Perkins 4,435
0%
43. Monique Currie 4,253
0%
42. Plenette Pierson 4,258
0%
No matching quizzes found
Score Distribution
Percent of People with Each Score
Percentile by Number Answered
Your Score History
You have not taken this quiz